LEADER 01000nam a2200241 i 4500 001 000000153940 003 CaOOAMICUS 005 20061005000000.0 008 061005s1955 it u000 u ita u 013 $a131286 040 $aSeMil$bita 245 12$aI grandi maestri del Trecento toscano /$ca cura di Enzo Carli. 260 $aBergamo :$bIstituto Italiano d'Arti Grafiche,$ccopyr. 1955. 300 $a98 p. :$bill. ;$c30 cm. 490 0 $aScrigno 500 $aContiene : Bibliografia sommaria. 650 4$aPittura toscana - Sec. 14.-15.$0(OLS)http://semarc/subject/23423 700 1 $aCarli, Enzo,$d<1910-1999>.$0(OLS)http://semarc/name/92173 830 0$aScrigno.$0(OLS)http://semarc/title/14804 850 $aSeMil 852 $aSeMil$W1$xVenegono$y1$m5N IX 36$j105823$B105823$CSeMilBibl$Z2$F115016 $8I 996 $6245$aI grandi maestri del Trecento toscano$9(OLS)http://semarc/title/225251 996 $6260$aBergamo :$bIstituto Italiano d'Arti Grafiche$9(OLS)http://semarc/publisher/29676 LEADER 01146nam a2200265 i 4500 001 000000223730 003 CaOOAMICUS 005 20131018000000.0 008 131018s2013 gw u000 u ger u 013 $a202628 020 $a978-3-451-02256-2 040 $aSeMil$bita 245 10$aGott bitten? :$btheologische Zugänge zum Bittgebet /$cheraugegeben von Wilfried Eisele. 260 $aFreiburg ; Basel ; Wien :$bHerder,$c2013. 300 $a291 p. ;$c22 cm. 490 0 $aQuaestiones disputatae ;$v256 650 4$aPreghiera - Teologia.$0(OLS)http://semarc/subject/5732 700 1 $aEisele, Wilfried.$0(OLS)http://semarc/name/39112 830 0$aQuaestiones disputatae ;$v256.$0(OLS)http://semarc/title/436628 850 $aSeMil 852 $aSeMil$W1$xVenegono$y1$m2M I 608$j174076$B174076$CSeMilBibl$Z2$F184273 $81 961 $aSottoscrizione: Herder 996 $6020$a978-3-451-02256-2$9(OLS)http://semarc/number/223921 996 $6245$aGott bitten? :$btheologische Zugänge zum Bittgebet$9(OLS)http://semarc/title/320812 996 $6260$aFreiburg ; Basel ; Wien :$bHerder$9(OLS)http://semarc/publisher/29643